Skyllis : Zeitschrift für Unterwasserarchäologie.

Bibliographic Details
Format: Serial
Language:German
Published: Pretzfeld : Deutsche Gesellschaft zur Förderung der Unterwasserarchäologie e.V. Erlangen, 1998-
Subjects:
Online Availability: Check for online availability

MARC

Tag First Indicator Second Indicator Subfields
LEADER 00000cas a2200000Ia 4500
001 in00004058601
005 20190403154747.0
008 011113c19989999gw fr 0 0ger d
035 |a (OCoLC)ocm48412250 
040 |a CIN  |b eng  |c CIN  |d OCLCQ  |d OCLCF  |d OCLCO  |d OCLCQ  |d TXA 
022 |a 1436-3372 
035 |a (OCoLC)48412250 
050 4 |a CC77.U5  |b S59 
049 |a TXAM 
245 0 0 |a Skyllis :  |b Zeitschrift für Unterwasserarchäologie. 
264 1 |a Pretzfeld :  |b Deutsche Gesellschaft zur Förderung der Unterwasserarchäologie e.V. Erlangen,  |c 1998- 
300 |a volumes :  |b illustrations ;  |c 30 cm 
310 |a Semiannual 
336 |a text  |b txt  |2 rdacontent 
337 |a unmediated  |b n  |2 rdamedia 
338 |a volume  |b nc  |2 rdacarrier 
362 0 |a 1 Jahrg., Heft 1 (1998)- 
500 |a Title from cover. 
650 0 |a Underwater archaeology  |v Periodicals. 
650 7 |a Underwater archaeology.  |2 fast  |0 (OCoLC)fst01161071 
655 7 |a Periodicals.  |2 fast  |0 (OCoLC)fst01411641 
994 |a C0  |b TXA 
948 |a cataloged  |b h  |c 2019/4/3  |d c  |e nbehmer  |f 3:47:38 pm 
999 f f |s c42faf32-172f-3e5f-87f5-c68d883d6923  |i 7e61a853-6b2c-393e-af8f-531216d91777  |t 0 
952 f f |p noncirc  |a Texas A&M University  |b College Station  |c Sterling C. Evans Library  |d Bodrum (located in Turkey)  |t 0  |e CC77.U5 S59  |h Library of Congress classification  |i unmediated -- volume  |k 8 Jahrg. : Heft 1/2  |l 2007/2008 
952 f f |p noncirc  |a Texas A&M University  |b College Station  |c Sterling C. Evans Library  |d Bodrum (located in Turkey)  |t 0  |e CC77.U5 S59  |h Library of Congress classification  |i unmediated -- volume  |k 6 Jahrg. : Heft 1/2  |l 2003/2004 
998 f f |a CC77.U5 S59  |s 8 Jahrg. : Heft 1/2 (2007/2008)  |t 0  |l Bodrum (located in Turkey)